01342nam a2200337Ia 4500001001200000003000800012006001900020007001500039008004100054010001700095020001500112020001500127020001800142040002100160035002100181050002600202100004500228245014800273260004700421300001600468504006400484533015200548650002800700650002500728650003600753655002900789700002600818710001700844856012600861999001700987ebr10265575CaPaEBRm u cr cn|||||||||870721s1987 nyu sb 001 0 eng d z 87020667  z0826158218 z082615820X z9780826158215 aCaPaEBRcCaPaEBR a(OCoLC)65241584814aRC489.P7bM575 1987eb1 aMoreno, J. L.q(Jacob Levy),d1889-1974.14aThe essential Morenoh[electronic resource] :bwritings on psychodrama, group method, and spontaneity /cby J.L. Moreno ; Jonathan Fox, editor. aNew York, NY :bSpringer Pub. Co.,cc1987. axxi, 240 p. aIncludes bibliographical references (p. 224-234) and index. aElectronic reproduction.bPalo Alto, Calif. :cebrary,d2009.nAvailable via World Wide Web.nAccess may be limited to ebrary affiliated libraries. 0aDramaxTherapeutic use. 0aGroup psychotherapy. 0aSpontaneity (Personality trait) 7aElectronic books.2local1 aFox, Jonathan,d1943-2 aebrary, Inc.40uhttp://site.ebrary.com/lib/rucke/Doc?id=10265575zAn electronic book accessible through the World Wide Web; click to view c10061d10061